00502nam a2200193 a 4500001001300000003000900013005001700022008004100039020001000080082001500090100001200105245006700117260003500184300000900219500003500228505001000263650002300273700001200296nice12345678IN_TiNIC20260116011528.0050524s1958 newa grp 000 0 eng  ac10000a232.4bKNO aKnox, J aDeath of Christb the Cross in New Testament History and Faith aNew YorkbAbingdon Pressc1958 a190p aincludes index and biblioraphy2 aIndex aJesus Christ-Death1 aKnox, J